| 000 | 00591nam a2200181Ia 4500 | ||
|---|---|---|---|
| 008 | 090123s9999 xx 000 0 und d | ||
| 082 | _b33597 | ||
| 100 | _aठाकुर योगेंद्र | ||
| 245 | _aएक विचार धगधगता | ||
| 250 | _a1 | ||
| 260 |
_bआमोद प्रकाशन _c2002 |
||
| 300 | _a135 | ||
| 600 | _aठाकुर योगेंद्र | ||
| 630 | _aएक विचार धगधगता | ||
| 700 | _aठाकुर योगेंद्र | ||
| 730 | _aएक विचार धगधगता | ||
| 942 | _cBOOK | ||
| 999 |
_c71656 _d71656 |
||